000 00882nam a2200229 a 4500
001 41581
003 BD-RjUL
005 20211209053421.0
008 160602m19721988bg a|||| |||| 00| 0 ben d
020 _c :Tk.8.00
035 _a(BD-RjUL)41699
040 _aBD-RjUL
_bben
_cBD-RjUL
041 _aben
082 _223
_a297.5
_bONS 1988
100 _aঅনুকূলচন্দ্র, শ্রীশ্রীঠাকুর
_9127759
245 1 0 _aসত্যানুসণ /
_cশ্রীশ্রীঠাকুর অনুকূলচন্দ্র
260 _aপাবনা :
_bসৎসঙ্গ পাবলিশিং হাউজ,
_c১৯৮৮
300 _a[৮], ১১৯ পৃ. :
_bচিত্র ;
_c১২ সেমি.
650 _aইসলামিক চিন্তাধারা
_9127760
650 _aIslami ethics
_9127761
942 _2ddc
_cBK
999 _c41581
_d41581